Fundamentals of Accounting (Record no. 34462)

MARC details
000 -LEADER
fixed length control field 00347nam a2200133Ia 4500
008 - FIXED-LENGTH DATA ELEMENTS--GENERAL INFORMATION
fixed length control field 231019s9999 xx 000 0 und d
082 ## - DEWEY DECIMAL CLASSIFICATION NUMBER
Classification number 657
Item number MOH-F
100 ## - MAIN ENTRY--AUTHOR
Author Name Hafiz Mohyuddin Tahir Mahmood
245 #0 - TITLE STATEMENT
Title Fundamentals of Accounting
260 ## - PUBLICATION, DISTRIBUTION, ETC.
Place of Publication Lahore, Pakistan
Name of publisher, distributor, etc. Ilmi Kitab Khana
Date of publication, distribution, etc. 2020
300 ## - PHYSICAL DESCRIPTION
Pages 372
650 ## - SUBJECT ADDED ENTRY--TOPICAL TERM
Subject / Department Accounting
952 ## - LOCATION AND ITEM INFORMATION (KOHA)
-- 0
-- 0
Holdings
Lost status Damaged status Permanent Location Current Location Date acquired Full Call Number Accession No./Barcode Date last seen item type
    Superior Information Resource Center (SIRC) Superior University - City Campus Superior Information Resource Center (SIRC) Superior University - City Campus 10/19/2023 657 MOH-F 28011 10/19/2023 BOOK

Powered by Koha